Monitoring of Aluminum Nanopowder Combustion Ignited by Laser Radiation; Progress In Electromagnetics Research Letters; Vol. 75
| Parent link: | Progress In Electromagnetics Research Letters Vol. 75.— 2018.— [P. 125-130] |
|---|---|
| Autor corporatiu: | , |
| Altres autors: | , , , |
| Sumari: | Title screen The paper presents the results of observing, in a real time, the process of combustion in air of aluminum nanopowder ignited by laser radiation. The obtained results convincingly evidence the possibility and perspective of visualization of ignition process by means of laser monitor. The video images allow observing the main stages of the combustion process including starting of combustion in the place of laser radiation focusing, spreading of the heat wave and appearance of the second combustion wave. For quantitative analysis of the combustion process, we suggest to analyze the average intensity of images registered by laser monitor. |
| Idioma: | anglès |
| Publicat: |
2018
|
| Matèries: | |
| Accés en línia: | http://www.jpier.org/PIERL/pier.php?paper=18022102 |
| Format: | MixedMaterials Electrònic Capítol de llibre |
| KOHA link: | https://koha.lib.tpu.ru/cgi-bin/koha/opac-detail.pl?biblionumber=665876 |
MARC
| LEADER | 00000naa0a2200000 4500 | ||
|---|---|---|---|
| 001 | 665876 | ||
| 005 | 20250211155154.0 | ||
| 035 | |a (RuTPU)RU\TPU\network\37080 | ||
| 035 | |a RU\TPU\network\32616 | ||
| 090 | |a 665876 | ||
| 100 | |a 20211119d2018 k||y0rusy50 ba | ||
| 101 | 0 | |a eng | |
| 102 | |a US | ||
| 135 | |a drcn ---uucaa | ||
| 181 | 0 | |a i | |
| 182 | 0 | |a b | |
| 200 | 1 | |a Monitoring of Aluminum Nanopowder Combustion Ignited by Laser Radiation |f Li Lin, A. V. Mostovshchikov, A. P. Ilyin, F. A. Gubarev | |
| 203 | |a Text |c electronic | ||
| 300 | |a Title screen | ||
| 320 | |a [References: 15 tit.] | ||
| 330 | |a The paper presents the results of observing, in a real time, the process of combustion in air of aluminum nanopowder ignited by laser radiation. The obtained results convincingly evidence the possibility and perspective of visualization of ignition process by means of laser monitor. The video images allow observing the main stages of the combustion process including starting of combustion in the place of laser radiation focusing, spreading of the heat wave and appearance of the second combustion wave. For quantitative analysis of the combustion process, we suggest to analyze the average intensity of images registered by laser monitor. | ||
| 461 | |t Progress In Electromagnetics Research Letters | ||
| 463 | |t Vol. 75 |v [P. 125-130] |d 2018 | ||
| 610 | 1 | |a электронный ресурс | |
| 610 | 1 | |a труды учёных ТПУ | |
| 610 | 1 | |a мониторинг | |
| 610 | 1 | |a горение | |
| 610 | 1 | |a нанопорошки | |
| 610 | 1 | |a алюминий | |
| 610 | 1 | |a лазерные излучения | |
| 610 | 1 | |a волны горения | |
| 701 | 0 | |a Li Lin |c specialist in the field of electronics |c research engineer at Tomsk Polytechnic University |f 1990- |3 (RuTPU)RU\TPU\pers\36367 | |
| 701 | 1 | |a Mostovshchikov |b A. V. |c Chemist |c Senior Researcher, Professor of Tomsk Polytechnic University, Doctor of Technical Sciences |f 1989- |g Andrey Vladimirovich |3 (RuTPU)RU\TPU\pers\31091 |9 15320 | |
| 701 | 1 | |a Ilyin |b A. P. |c chemist |c Professor of Tomsk Polytechnic University, Doctor of physical and mathematical sciences |f 1949- |g Aleksandr Petrovich |3 (RuTPU)RU\TPU\pers\33060 |9 16894 | |
| 701 | 1 | |a Gubarev |b F. A. |c specialist in the field of electronics |c Associate Professor of Tomsk Polytechnic University, Candidate of physical and mathematical sciences |f 1979- |g Fedor Aleksandrovich |3 (RuTPU)RU\TPU\pers\31657 |9 15794 | |
| 712 | 0 | 2 | |a Национальный исследовательский Томский политехнический университет |b Инженерная школа ядерных технологий |b Научно-исследовательская лаборатория СВЧ-технологии |3 (RuTPU)RU\TPU\col\23457 |
| 712 | 0 | 2 | |a Национальный исследовательский Томский политехнический университет |b Исследовательская школа химических и биомедицинских технологий |c (2017- ) |3 (RuTPU)RU\TPU\col\23537 |
| 801 | 2 | |a RU |b 63413507 |c 20211119 |g RCR | |
| 856 | 4 | |u http://www.jpier.org/PIERL/pier.php?paper=18022102 | |
| 942 | |c CF | ||